00590nam a2200157Ia 450000500170000000800410001708200130005810000180007124500400008926000340012930000130016350001360017694200060031295200990031899900150041720250508072715.0240331s9999 xx 000 0 und d bTHEa891 aThevagowri, M 0aEnpathukalil mallikai vimarsanangal aJaffnabMalikai Panthalc1996 a132 p ., aIlathil Thodarchchiya veli vantha malikkai sanchikaiyil 80 kalil veli vantha vimarsanagalap patriya kuripitathakka thoru aayvu nool cL 001040708LaWERCLbWERCLcSSCd2024-03-31l0o 894.811 THEp2347r2024-03-31w2024-03-31yL c4327d4327